| 000 | 00657nam a2200241Ia 4500 | ||
|---|---|---|---|
| 003 | OSt | ||
| 005 | 20220926021826.0 | ||
| 006 | a|||||r|||| 00| 0 | ||
| 007 | ta | ||
| 008 | 220923b |||||||| |||| 00| 0 eng d | ||
| 037 | _cGeneral Book | ||
| 040 |
_aRTL _cRTL _beng |
||
| 041 |
_2eng _aeng |
||
| 082 | _aa14,11N45,92, N2.22-7/UN | ||
| 110 | _aUNITED NATIONS | ||
| 245 | 0 | _aUnited Nations document index. | |
| 260 |
_aNew York _bUnited Nations _c1992 |
||
| 300 |
_avi,269p. _ccm. |
||
| 490 | _vVol.22, no.7 | ||
| 700 | _aUNITED NATIONS | ||
| 942 |
_ha14,11N45,92, N2.22-7/UN _cGB _2CC |
||
| 999 |
_c637781 _d637781 |
||